00569nam a22001817a 450000500170000001000150001702000260003203500130005803700130007108200110008410000160009524500610011126000340017227000600020630000310026650000240029750500660032120160926162908.0 aENG-116103 a9789351651932c900.00 aEN-99635 bDBAD/PUB a530.11 dGupta, M.L. aCosmic energy & the relativity phenomena /cby M.L.Gupta aNew DelhibDimond Booksc2014 aFlat N0 C-4,Tower N0-8,New Moti BaghbNew Delhie110023 axvi,304p. :billc23cm(Hb) aIncludes references aIncluding wave particle duality & the cosmological red-shift